000 00333nam a2200157Ia 4500
005 20250603145247.0
008 250603s9999 xx 000 0 und d
050 _aKP 35 .J34/
245 0 _aLaws of Jigawa
260 _aLagos
260 _bAlisak int ltd
260 _c2000
300 _a671 p
650 _aLagos
942 _cBK
999 _c41340
_d41340